Name a Country Containing Each Letter - Statistics

General Stats
  • This quiz has been taken 814 times
  • The average score is 23 of 26
Answer Stats
Letter Country % Correct
A Afghanistan | Albania | Algeria | Andorra | Angola | Antigua and Barbuda...
100%
B Albania | Antigua and Barbuda | Azerbaijan | Bahamas | Bahrain | Bangladesh...
99%
C Cambodia | Cameroon | Canada | Cape Verde | Central African Republic...
99%
G Afghanistan | Algeria | Angola | Antigua and Barbuda | Argentina | Bangladesh...
98%
F Afghanistan | Burkina Faso | Central African Republic | Fiji | Finland | France...
98%
E Algeria | Argentina | Armenia | Azerbaijan |Bangladesh | Belarus | Belgium | Belize...
98%
D Andorra | Antigua and Barbuda | Bangladesh | Barbados | Bosnia and Herzegovina...
98%
I Afghanistan | Albania | Algeria | Antigua and Barbuda | Argentina | Armenia...
97%
J Azerbaijan | Djibouti | Fiji | Jamaica |Japan | Jordan | Tajikistan
97%
H Afghanistan | Bahamas | Bahrain | Bangladesh | Bhutan...
96%
L Albania | Algeria | Angola | Australia | Bangladesh | Belarus | Belgium...
95%
M Armenia | Bahamas | Belgium | Cambodia | Cameroon | Colombia...
95%
N Afghanistan | Albania | Andorra | Angola |Antigua and Barbuda | Argentina...
94%
K Burkina Faso | Denmark | Kazakhstan |Kenya | Kiribati | Kosovo | Kuwait...
94%
O Andorra | Angola | Barbados | Bolivia |Bosnia and Herzegovina | Botswana...
93%
P Cape Verde | Central African Republic |Republic of the Congo | Cyprus...
92%
R Algeria | Andorra | Antigua and Barbuda |Argentina | Armenia | Australia | Austria...
91%
Q Equatorial Guinea | Iraq | Mozambique |Qatar
90%
S Afghanistan | Australia | Austria | Bahamas | Bangladesh | Barbados...
89%
T Afghanistan | Antigua and Barbuda | Argentina | Australia | Austria...
87%
U Antigua and Barbuda | Australia | Austria |Belarus | Belgium | Bhutan | Brunei...
86%
V Bolivia | Bosnia and Herzegovina | CapeVerde | El Salvador | Ivory Coast...
84%
Z Azerbaijan | Belize | Bosnia and Herzegovina | Brazil | Czech Republic...
74%
Y Cyprus | Egypt | Germany | Guyana | Hungary | Italy | Ivory Coast | Kenya...
74%
W Botswana | Eswatini | Kuwait | Malawi | New Zealand | Norway...
62%
X Luxembourg | Mexico
55%
No matching quizzes found
Score Distribution
Percent of People with Each Score
Percentile by Number Answered
Your Score History
You have not taken this quiz